00630nam a22001577a 450000500170000001000150001702000260003203500140005803700130007208200080008524501140009326000690020727001600027630000280043676000080046420230329151953.0 aENG-136537 a9789354498794c535.00 aEN-120069 bDBAD/PUB a540 aPearson IIT Foundation Chemistry : A Pathway to Crack JEE Useful for NTSE and other Olympiad ExamshEnglish aUttar PradeshbPearson India Education Services Pvt. Ltd c2022 a15th Floor, Tower-B, World Trade Tower, Plot No.1, Block -C ,Sector -16,bNoida, Uttar Pradesh,Indiae201301mcompanysecretary.india@gamil.comk044-6654100 axix,10.46p.;c28cm(pbk) b6th